UBT Library

SYRIGOMELIA AND THE CHIARI MALFORMATIONS (Record no. 47246)

000 -LEADER
fixed length control field 00285nam a22001217a 4500
008 - FIXED-LENGTH DATA ELEMENTS--GENERAL INFORMATION
fixed length control field 180822b xxu||||| |||| 00| 0 eng d
041 ## - LANGUAGE CODE
Language code of text/sound track or separate title eng
080 ## - UNIVERSAL DECIMAL CLASSIFICATION NUMBER
Universal Decimal Classification number 616.8
100 ## - Rafti
Rafti 7
101 ## - Shkurtesa
Shkurtesa NEU
245 ## - TITLE STATEMENT
Title SYRIGOMELIA AND THE CHIARI MALFORMATIONS
Statement of responsibility, etc ANSON.J.A
942 ## - ADDED ENTRY ELEMENTS (KOHA)
Source of classification or shelving scheme
Item type Books
Holdings
Withdrawn status Lost status Source of classification or shelving scheme Damaged status Not for loan Collection code Permanent location Current location Shelving location Date acquired Total Checkouts Full call number Barcode Date last seen Price effective from Koha item type
          Koleksioni i përgjithshem UBT - Lipjan UBT - Lipjan Koleksioni i përgjithshem 08/22/2018   616.8 ANS 002-3011323 08/22/2018 08/22/2018 Books
UBT Library © 2015-2024. All rights reserved University Education for Business and Technology